| 000 | 03250nam a2200481 a 4500 | ||
|---|---|---|---|
| 001 | 000103670 | ||
| 003 | CHAP | ||
| 005 | 20241015144257.0 | ||
| 007 | cr ||||||a|c|a | ||
| 008 | 101210s2010 mx r 00010 spa d | ||
| 035 | _a111791 | ||
| 040 | _cCHAP | ||
| 090 | _aTesis | ||
| 100 | 1 |
_aDionicio y de Jesús, Israel. _932646 |
|
| 245 | 1 | 0 |
_aEvaluación de sistema hidropónico en el cultivo de chile manzano (Capsicum pubescens R y p. ) en invernadero _c/por Israel Dionicio y de Jesús; director Mario Pérez Grajales |
| 264 | 1 |
_aChapingo, Méx. : _bEl autor, _c2010. |
|
| 300 |
_a1 recurso en línea (73 páginas): _bcuadros, figuras. |
||
| 336 |
_2rdacontent _atexto _btxt |
||
| 337 |
_2rdamedia _acomputadora _bc |
||
| 338 |
_2rdacarrier _arecursos en línea _bcr |
||
| 502 |
_bIAEF _cFitotecnia _d2010 _gLIC |
||
| 520 | _aEste trabajo se realizó en un sistema hidropónico en invernadero entre agosto y octubre del 2010. El objetivo fue evaluar el efecto de varias concentraciones de la solución nutritiva universal de Steiner (SNUS) sobre las variables peso, volumen y número de frutos por planta en el cultivo de chile manzano (Capsicum pubescens R y P); además del contenido de humedad, pH y CE en el sustrato. Se utilizó el diseño experimental completamente al azar con tres repeticiones y tres tratamientos los cuales fueron: solución nutritiva universal de Steiner al 50, 75 y 100%. Las plantas se sembraron en camas de cultivo de tezontle fino (0.1 a 0.5 mm), las cuales tienen 4 m de largo por 0.4 m de ancho y 0.3 m de profundidad. La distancia entre plantas fue de 0.6 m y 1.6 m entre camas. La unidad de muestreo consistió en seis plantas por cada unidad experimental. Las plantas en la solución nutritiva al 75%, presentaron mejores características en peso (1.234 kg por planta), volumen (74.4 ml por Fruto) y número de frutos por planta (21.5); el promedio de CE en el sustrato fue de 0.38 dS m-1, pH 7.5 y contenido de humedad de 10.6%. En los días soleados el promedio para pH en el sustrato fue de 7.8, CE 0.47 dS m-1 y contenido de humedad 11.2% y en los días nublados los valores para pH, CE y contenido de humedad fueron 7.3, 0.42 dS m-1 y 11.0%, respectivamente. A 25 cm de profundidad se encontró el mayor contenido de humedad en el sustrato con 11.9%, las menores a 15 y a 5 cm con 10.6%. | ||
| 590 |
_aALEPH _b10 _c20130110 |
||
| 590 |
_aBATCH-UPD _b10 _c20130110 |
||
| 590 |
_aBATCH-UPD _b10 _c20130410 |
||
| 590 |
_aBATCH-UPD _b10 _c20130914 |
||
| 590 |
_aBATCH-UPD _b10 _c20140324 |
||
| 590 |
_aBATCH-UPD _b10 _c20141002 |
||
| 590 |
_aCONVERSION _b10 _c20130109 |
||
| 590 |
_aE12093SGE _b10 _c20130820 |
||
| 650 | 1 | 4 |
_aChile manzano _xInvernadero. _922458 |
| 650 | 1 | 4 |
_aCultivos en invernadero. _930376 |
| 650 | 1 | 4 |
_aEvaluación. _938913 |
| 650 | 1 | 4 |
_aHidroponía. _955280 |
| 700 | 1 |
_aPérez Grajales, Mario _989711 _eDirector de tesis. |
|
| 856 |
_uhttp://10.13.5.2/tesis/111791.pdf _zDESCARGAR PDF |
||
| 901 | _aBK | ||
| 942 |
_cTD _2Clasificación Universidad Autónoma Chapingo |
||
| 949 |
_aTesis _bBC _cTES _d33724002226785 _eTS2 _fc.2 _gDonaciØn _h51613 _i111791 _sb |
||
| 949 |
_aTesis _bBC _cTES _d33724002226827 _eTS1 _gDonaciØn _h51612 _i111791 _sb |
||
| 999 |
_c100133 _d100133 |
||